LEADER 00840nam2-22002891i-450- 001 990000177650403321 035 $a000017765 035 $aFED01000017765 035 $a(Aleph)000017765FED01 035 $a000017765 100 $a20011111d--------km-y0itay50------ba 101 0 $aita 105 $ay-------001yy 200 1 $a2. : 352 p., 35 tav. : ill. 210 $aNapoli$cTipografia di F. Vitale$d1858- 215 $av.$d29 cm 461 0$1001000013361$12001$aStoria de' monumenti di Napoli e degli architetti che li edificavano dal 1801 al 1851 610 0 $aArchitettura$aNapoli 676 $a720.945 731 700 1$aSasso,$bCamillo Napoleone 801 0$aIT$bUNINA$gRICA$2UNIMARC 901 $aBK 912 $a990000177650403321 952 $a13 AR 26 D 13$b19070$fFINBC 959 $aFINBC 997 $aUNINA DB $aING01